书目信息 |
| 题名: |
化学复习指南暨习题解析
|
|
| 作者: | 侯士聪 , 周乐 , 张莉 , 周欣 主编 | |
| 分册: | 2020 | |
| 出版信息: | 北京 中国农业大学出版社 2019.08 |
|
| 页数: | 263页 | |
| 开本: | 26cm | |
| 丛书名: | 全国硕士研究生农学门类入学考试辅导丛书 | |
| 单 册: | ||
| 中图分类: | O6-44 | |
| 科图分类: | ||
| 主题词: | 化学--hua xue--硕士生入学考试--题解 | |
| 电子资源: | ||
| ISBN: | 978-7-5655-2261-1 | |
| 000 | 01318nam 2200289 450 | |
| 001 | 2060951868 | |
| 005 | 20201105165600.69 | |
| 010 | @a978-7-5655-2261-1@dCNY46.00 | |
| 100 | @a20190919d2019 em y0chiy50 ea | |
| 101 | 0 | @achi |
| 102 | @aCN@b110000 | |
| 105 | @ay q 000yy | |
| 200 | 1 | @a化学复习指南暨习题解析@Ahua xue fu xi zhi nan ji xi ti jie xi@h2020@f侯士聪 ... [等] 主编 |
| 210 | @a北京@c中国农业大学出版社@d2019.08 | |
| 215 | @a263页@d26cm | |
| 225 | 2 | @a全国硕士研究生农学门类入学考试辅导丛书@Aquan guo shuo shi yan jiu sheng nong xue men lei ru xue kao shi fu dao cong shu |
| 304 | @a题名页题其余责任者: 周乐, 张莉, 周欣 | |
| 330 | @a本书分为普通化学、有机化学、分析化学三个部分。针对考研学生的基础知识进行了归类整理, 本书参照有关院校相关课程教学的要求, 形成分类总结的框架。列举了历年考研重点、难点、疑点问题等各方面的知识, 以期帮助读者把握基本的分析问题、解决问题的能力。书中有例题和自测题, 分别按照考试常规形式编写。以备考研学生充分备考使用。 | |
| 410 | 0 | @12001 @a全国硕士研究生农学门类入学考试辅导丛书 |
| 606 | 0 | @a化学@Ahua xue@x硕士生入学考试@j题解 |
| 690 | @aO6-44@v5 | |
| 701 | 0 | @a侯士聪@Ahou shi cong@4主编 |
| 701 | 0 | @a周乐@Azhou le@4主编 |
| 701 | 0 | @a张莉@Azhang li@4主编 |
| 701 | 0 | @a周欣@Azhou xin@4主编 |
| 801 | 0 | @aCN@b人天书店@c20201002 |
| 905 | @aZUCC@dO6-44@eH429 | |
| 化学复习指南暨习题解析.2020/侯士聪 ... [等] 主编.-北京:中国农业大学出版社,2019.08 |
| 263页;26cm.-(全国硕士研究生农学门类入学考试辅导丛书) |
| ISBN 978-7-5655-2261-1:CNY46.00 |
| 本书分为普通化学、有机化学、分析化学三个部分。针对考研学生的基础知识进行了归类整理, 本书参照有关院校相关课程教学的要求, 形成分类总结的框架。列举了历年考研重点、难点、疑点问题等各方面的知识, 以期帮助读者把握基本的分析问题、解决问题的能力。书中有例题和自测题, 分别按照考试常规形式编写。以备考研学生充分备考使用。 |
| ● |
| 相关链接 |
|
|
|
正题名:化学复习指南暨习题解析
索取号:O6-44/H429
 
预约/预借
| 序号 | 登录号 | 条形码 | 馆藏地/架位号 | 状态 | 备注 |
| 1 | 1479976 | 214799761 | 自科库401/401自科库 61排4列1层/ [索取号:O6-44/H429] | 在馆 | |
| 2 | 1479977 | 214799770 | 自科库401/401自科库 61排4列1层/ [索取号:O6-44/H429] | 在馆 |